Water Management (Record no. 532474)

000 -LEADER
fixed length control field 00348nam a22001577a 4500
003 - CONTROL NUMBER IDENTIFIER
control field NUST
005 - DATE AND TIME OF LATEST TRANSACTION
control field 20191121122743.0
008 - FIXED-LENGTH DATA ELEMENTS--GENERAL INFORMATION
fixed length control field 191121b ||||| |||| 00| 0 eng d
038 ## - RECORD CONTENT LICENSOR
Staff Name MSOHAIL
082 ## - DEWEY DECIMAL CLASSIFICATION NUMBER
Classification number 0
100 ## - MAIN ENTRY--PERSONAL NAME
Personal name A.Singh
9 (RLIN) 26016
245 ## - TITLE STATEMENT
Title Water Management
260 ## - PUBLICATION, DISTRIBUTION, ETC.
Name of publisher, distributor, etc. Arise Publisher
Date of publication, distribution, etc. c2008
300 ## - PHYSICAL DESCRIPTION
Extent p;336
942 ## - ADDED ENTRY ELEMENTS (KOHA)
Source of classification or shelving scheme
Koha item type Book
Holdings
Withdrawn status Lost status Source of classification or shelving scheme Damaged status Not for loan Permanent Location Current Location Date acquired Barcode Date last seen Price effective from Koha item type
  Write Off       School of Civil and Environmental Engineering (SCEE) School of Civil and Environmental Engineering (SCEE) 11/21/2019 NIT-12377 11/21/2019 11/21/2019 Book
© 2023 Central Library, National University of Sciences and Technology. All Rights Reserved.